| 000 | 00892nam a2200265Ia 4500 | ||
|---|---|---|---|
| 005 | 20221117105748.0 | ||
| 008 | 210716s2003 xx 000 0 und d | ||
| 020 | _a8788120322424 | ||
| 040 | _cAIMIT LIBRARY | ||
| 041 | _aeng | ||
| 082 |
_a005.368 _22 _bGHEC |
||
| 100 |
_aGhezzi, Carlo. _962406 |
||
| 245 |
_aFundamentals of software engineering / _cBy Ghezzi, Carlo, Jazayeri, Mehdi and Mandrioli, Dino. |
||
| 250 | _a2nd ed. | ||
| 260 |
_aNew Delhi : _bPHI Learning Pvt Ltd , _c2003. |
||
| 300 |
_axx,604 p.; _c24.5 cm. |
||
| 650 |
_adesign and software architecture _962407 |
||
| 650 |
_aSpecification _962408 |
||
| 650 |
_aSoftware production process _962409 |
||
| 700 |
_aSoftware engineering _962410 |
||
| 700 |
_aDesign and software architecture _962411 |
||
| 700 |
_aSoftware production process _962412 |
||
| 700 |
_aEpilogue _962413 |
||
| 942 |
_2ddc _cBK _e2nd _k005.368 GHEC |
||
| 999 |
_c188110 _d188110 |
||